000 00583 a2200217 4500
005 20240717160545.0
008 240717b |||||||| |||| 00| 0 eng d
020 _a9789354914911
_cRs. 155.00
040 _aMAIN
082 _a181.4
_bA68B:S
100 _aBijlani, Ramesh
245 _aSri Aurobindo for the young
260 _bNational Book Trust
_c2022
_aNew Delhi
300 _axii, 86
650 _aThe Why, What and How of Life
650 _aWhither goes my Life
650 _aSri Aurobindo
650 _aSpiritual Master
700 _aChandra, Subhash
942 _cBK
999 _c309232
_d309232